[Event "Niedersachsen-chT U14"]
[Site "Stade"]
[Date "2007.05.20"]
[Round "7.1"]
[White "Hilgendorff, Ian"]
[Black "Pothast, Laurenz"]
[Result "1/2-1/2"]
[WhiteElo "1820"]
[BlackElo "1314"]
[PlyCount "73"]
[EventDate "2007.05.17"]
[EventType "team-tourn"]
[EventRounds "7"]
[EventCountry "GER"]
[SourceTitle "EXT 2008"]
[Source "ChessBase"]
[SourceDate "2007.11.25"]
[SourceVersion "1"]
[SourceVersionDate "2007.11.25"]
[SourceQuality "1"]

1. e4 c5 2. Nf3 Nc6 3. d4 cxd4 4. Nxd4 Nf6 5. Nc3 e6 6. Ndb5 Bb4 7. a3 Bxc3+ 8. Nxc3 d5 9. exd5 exd5 10. Bd3 0-0 11. 0-0 Qc7 12. h3 a6 13. Bg5 Qe5 14. Qd2 Ne4 15. Bxe4 dxe4 16. Rfe1 f5 17. Rad1 h6 18. Bf4 Qe6 19. f3 g5 20. Bd6 Rd8 21. fxe4 f4 22. Qd5 f3 23. gxf3 Qxd5 24. Rxd5 Bxh3 25. Bc7 Rf8 26. Kf2 g4 27. Re3 Rf7 28. Bd6 Rd8 29. e5 gxf3 30. e6 Rg7 31. Rxf3 Bg2 32. e7 Nxe7 33. Bxe7 Rxd5 34. Rf8+ Kh7 35. Nxd5 Bxd5 36. Bf6 Rg2+ 37. Ke3 1/2-1/2

[Event "Niedersachsen-chT U14"]
[Site "Stade"]
[Date "2007.05.19"]
[Round "5.1"]
[White "Pothast, Laurenz"]
[Black "Carmesin, Matthias"]
[Result "1/2-1/2"]
[WhiteElo "1314"]
[BlackElo "1610"]
[PlyCount "81"]
[EventDate "2007.05.17"]
[EventType "team-tourn"]
[EventRounds "7"]
[EventCountry "GER"]
[SourceTitle "EXT 2008"]
[Source "ChessBase"]
[SourceDate "2007.11.25"]
[SourceVersion "1"]
[SourceVersionDate "2007.11.25"]
[SourceQuality "1"]

1. e4 c5 2. Nf3 Nc6 3. Bb5 g6 4. 0-0 Bg7 5. Re1 Nf6 6. c3 0-0 7. d4 cxd4 8. cxd4 d6 9. Nc3 Qb6 10. Rb1 a6 11. Bf1 Qc7 12. Be3 b5 13. Qc2 Bb7 14. Rbc1 Rfe8 15. Qd2 Qd7 16. Bh6 Bh8 17. Qg5 Ng4 18. h3 Nxh6 19. Qxh6 Bg7 20. Qd2 Rac8 21. Nd5 Qd8 22. Red1 Kh8 23. Qf4 Kg8 24. e5 h6 25. Qg4 Kh7 26. e6 f5 27. Qg3 Rg8 28. Nf4 Bf6 29. h4 Qe8 30. Bd3 Nb4 31. Rxc8 Qxc8 32. h5 Nxd3 33. hxg6+ Kh8 34. Qh3 Qf8 35. Rxd3 Bxf3 36. Rxf3 Qg7 37. Qxf5 Bxd4 38. Nh5 Qxg6 39. Qxg6 Rxg6 40. Rf8+ Rg8 41. Rf7 1/2-1/2

[Event "Niedersachsen-chT U14"]
[Site "Stade"]
[Date "2007.05.17"]
[Round "1.1"]
[White "Pothast, Laurenz"]
[Black "Lindner, Robert"]
[Result "0-1"]
[WhiteElo "1314"]
[BlackElo "1381"]
[PlyCount "68"]
[EventDate "2007.05.17"]
[EventType "team-tourn"]
[EventRounds "7"]
[EventCountry "GER"]
[SourceTitle "EXT 2008"]
[Source "ChessBase"]
[SourceDate "2007.11.25"]
[SourceVersion "1"]
[SourceVersionDate "2007.11.25"]
[SourceQuality "1"]

1. e4 e6 2. d4 d5 3. exd5 exd5 4. Bd3 Bd6 5. Ne2 Ne7 6. c3 Nbc6 7. Qc2 Bg4 8. f3 Bh5 9. Bf4 Bg6 10. Nd2 Qd7 11. 0-0-0 0-0-0 12. Bxd6 Qxd6 13. Bxg6 hxg6 14. g3 Nf5 15. Nf1 Na5 16. g4 Ne7 17. Nfg3 Nc4 18. Qd3 Rde8 19. Rdf1 Nc6 20. f4 Re3 21. Qc2 Rhe8 22. f5 Qd7 23. fxg6 f6 24. Qf5 R3e6 25. Nf4 Ne3 26. Qd3 Nxf1 27. Nxe6 Nxg3 28. Qxg3 Qxe6 29. h3 Qe4 30. Rf1 Qxg6 31. Rf5 Qf7 32. g5 Qe6 33. Rf3 fxg5 34. Qxg5 Qe1+ 0-1

[Event "Hannover-ch U14"]
[Site "Lehrte"]
[Date "2006.10.15"]
[Round "4"]
[White "Chmelev, Alex"]
[Black "Pothast, Laurenz"]
[Result "1-0"]
[WhiteElo "1518"]
[BlackElo "1321"]
[PlyCount "71"]
[EventDate "2006.10.14"]
[EventType "swiss"]
[EventRounds "7"]
[EventCountry "GER"]
[SourceTitle "EXT 2021"]
[Source "ChessBase"]
[SourceDate "2020.10.23"]
[SourceVersion "1"]
[SourceVersionDate "2020.10.23"]
[SourceQuality "1"]

1. e4 c5 2. Nf3 Nc6 3. Nc3 e6 4. d4 cxd4 5. Nxd4 Bb4 6. Nxc6 bxc6 7. Qd4 Bxc3+ 8. bxc3 Qf6 9. Be2 d5 10. exd5 cxd5 11. 0-0 Bd7 12. Ba3 Qxd4 13. cxd4 f6 14. Rab1 Rc8 15. Bc5 e5 16. c3 Ne7 17. Rb7 Nc6 18. Rfb1 g6 19. Bb5 exd4 20. cxd4 Nb8 21. Bxd7+ Nxd7 22. Re1+ Kd8 23. Be7+ Ke8 24. Bxf6+ Kf8 25. Bxh8 Nb6 26. Rxa7 Kg8 27. a4 Kxh8 28. a5 Na8 29. g3 Nc7 30. Re7 Nb5 31. Rxh7+ Kg8 32. Rag7+ Kf8 33. Rh8+ Kxg7 34. Rxc8 Kf6 35. a6 Ke7 36. Rc5 1-0

[Event "Hannover-ch U14"]
[Site "Lehrte"]
[Date "2006.10.15"]
[Round "3"]
[White "Pothast, Laurenz"]
[Black "Kusmierek, Kasper Jan"]
[Result "1/2-1/2"]
[WhiteElo "1321"]
[BlackElo "1472"]
[PlyCount "75"]
[EventDate "2006.10.14"]
[EventType "swiss"]
[EventRounds "7"]
[EventCountry "GER"]
[SourceTitle "EXT 2021"]
[Source "ChessBase"]
[SourceDate "2020.10.23"]
[SourceVersion "1"]
[SourceVersionDate "2020.10.23"]
[SourceQuality "1"]

1. e4 e6 2. d4 d5 3. exd5 exd5 4. Bd3 Nc6 5. Ne2 Bd6 6. c3 Nge7 7. Qc2 Be6 8. Be3 Qd7 9. Nd2 f6 10. 0-0-0 Bf5 11. Bxf5 Nxf5 12. Bf4 0-0-0 13. Bxd6 Nxd6 14. Ng3 g6 15. h4 Qf7 16. h5 Rde8 17. hxg6 hxg6 18. Nf3 Qg7 19. Rxh8 Rxh8 20. Re1 Qf7 21. Qd2 Re8 22. Rxe8+ Qxe8 23. Qe2 Qxe2 24. Nxe2 g5 25. Nd2 b6 26. g4 Nf7 27. Ng3 Kd7 28. Nf5 Ne7 29. Nxe7 Kxe7 30. Kc2 Nh6 31. f3 f5 32. gxf5 Nxf5 33. Kd3 Kf6 34. c4 c6 35. cxd5 cxd5 36. Nb1 Ke6 37. Nc3 Nd6 38. b3 1/2-1/2

[Event "Hannover-ch U14"]
[Site "Lehrte"]
[Date "2006.10.14"]
[Round "2"]
[White "Noelke, Henrik"]
[Black "Pothast, Laurenz"]
[Result "0-1"]
[WhiteElo "1040"]
[BlackElo "1321"]
[PlyCount "112"]
[EventDate "2006.10.14"]
[EventType "swiss"]
[EventRounds "7"]
[EventCountry "GER"]
[SourceTitle "EXT 2021"]
[Source "ChessBase"]
[SourceDate "2020.10.23"]
[SourceVersion "1"]
[SourceVersionDate "2020.10.23"]
[SourceQuality "1"]

1. e4 c5 2. Nf3 Nc6 3. Bb5 Nf6 4. Nc3 d5 5. e5 d4 6. exf6 dxc3 7. 0-0 cxb2 8. Bxb2 exf6 9. Re1+ Be7 10. Ba3 0-0 11. Bxc6 bxc6 12. d4 Qa5 13. Rxe7 Qxa3 14. Rc7 cxd4 15. Qxd4 Be6 16. Rxc6 Rfd8 17. Qe3 Qxe3 18. fxe3 Bd5 19. Rc5 Bxf3 20. gxf3 Rac8 21. Rxc8 Rxc8 22. Rc1 Rc3 23. Kf2 Kf8 24. Ke2 Ke7 25. Kd2 Ra3 26. Ra1 Kd6 27. Rg1 g6 28. Ra1 f5 29. f4 Kd5 30. h3 Ke4 31. Rb1 Rxe3 32. Rb7 Kxf4 33. Rxf7 Rxh3 34. Rxa7 g5 35. c4 g4 36. c5 Rh6 37. Ke2 Kg3 38. a4 f4 39. Re7 f3+ 40. Kd2 f2 41. Re3+ Kf4 42. Re7 Kg3 43. Rf7 Kg2 44. Ke2 f1Q+ 45. Rxf1 Re6+ 46. Kd3 Kxf1 47. Kd4 Ra6 48. Kd5 Rxa4 49. c6 g3 50. c7 Ra8 51. Kd6 g2 52. Kd7 g1Q 53. c8Q Qg4+ 54. Kc7 Qxc8+ 55. Kb6 Rb8+ 56. Ka7 Qb7# 0-1

[Event "Niedersachsen-chT U14"]
[Site "Verden"]
[Date "2006.05.25"]
[Round "1.1"]
[White "Scholz, Sebastian"]
[Black "Pothast, Laurenz"]
[Result "0-1"]
[WhiteElo "1233"]
[BlackElo "1299"]
[PlyCount "52"]
[EventDate "2006.05.25"]
[EventType "team"]
[EventRounds "7"]
[EventCountry "GER"]
[SourceTitle "EXT 2007"]
[Source "ChessBase"]
[SourceDate "2006.11.23"]
[SourceVersion "1"]
[SourceVersionDate "2006.11.23"]
[SourceQuality "1"]

1. Nf3 Nf6 2. d4 e6 3. Bf4 b6 4. e3 Bb7 5. Nbd2 c5 6. c3 a6 7. Bd3 d5 8. c4 Bd6 9. Bg3 Bxg3 10. hxg3 Nbd7 11. Qe2 Ne4 12. Ne5 Nxd2 13. Kxd2 Nxe5 14. dxe5 dxc4 15. f3 cxd3 16. Qxd3 Qxd3+ 17. Kxd3 0-0-0+ 18. Ke2 Rd5 19. f4 Rd7 20. Rh2 h6 21. Re1 Rhd8 22. Kf2 Rd2+ 23. Re2 a5 24. Rxd2 Rxd2+ 25. Kf1 Rxb2 26. a4 c4 0-1

[Event "Niedersachsen-ch U14"]
[Site "Rotenburg/Wuemme"]
[Date "2006.04.13"]
[Round "7"]
[White "Kaiser, Jonas"]
[Black "Pothast, Laurenz"]
[Result "0-1"]
[WhiteElo "1357"]
[BlackElo "1205"]
[PlyCount "56"]
[EventDate "2006.04.08"]
[EventType "swiss"]
[EventRounds "9"]
[EventCountry "GER"]
[SourceTitle "EXT 2007"]
[Source "ChessBase"]
[SourceDate "2006.11.23"]
[SourceVersion "1"]
[SourceVersionDate "2006.11.23"]
[SourceQuality "1"]

1. d4 Nf6 2. c4 e6 3. Nc3 Bb4 4. a3 Bxc3+ 5. bxc3 c5 6. Nf3 d5 7. e3 0-0 8. Bd3 Nbd7 9. 0-0 b6 10. Re1 Ba6 11. cxd5 Bxd3 12. Qxd3 exd5 13. dxc5 Nxc5 14. Qc2 Nfe4 15. Bb2 Qd7 16. Rad1 Qa4 17. Qe2 Qb3 18. Nd4 Qc4 19. Qxc4 dxc4 20. f3 Nd3 21. Rxd3 cxd3 22. fxe4 Rfe8 23. Rd1 Rxe4 24. Rxd3 Rae8 25. Kf2 f5 26. Nb5 a5 27. Nd6 Rd8 28. Nxe4 Rxd3 0-1

[Event "Werther Schloss op-C 10th"]
[Site "Werther"]
[Date "2004.04.04"]
[Round "4"]
[White "Pothast, Laurenz"]
[Black "Henkemeier, Markus"]
[Result "0-1"]
[WhiteElo "915"]
[BlackElo "1259"]
[PlyCount "76"]
[EventDate "2004.04.02"]
[EventType "swiss"]
[EventRounds "5"]
[EventCountry "GER"]
[SourceTitle "EXT 2006"]
[Source "ChessBase"]
[SourceDate "2005.11.24"]
[SourceVersion "1"]
[SourceVersionDate "2005.11.24"]
[SourceQuality "1"]

1. e4 c5 2. Nf3 d6 3. Bb5+ Bd7 4. Bxd7+ Nxd7 5. d3 Ngf6 6. Nc3 e6 7. 0-0 Be7 8. Bf4 0-0 9. Nb5 Qb6 10. c4 a6 11. Nc3 Qxb2 12. Qb3 Qxb3 13. axb3 h6 14. Rab1 Rfc8 15. b4 cxb4 16. Rxb4 b5 17. Rc1 d5 18. Rb2 dxc4 19. dxc4 Rxc4 20. Nd2 Nxe4 21. Ndxe4 b4 22. f3 bxc3 23. Nxc3 Bf6 24. Rbc2 Rac8 25. Bd2 Nb6 26. Kf2 Nd5 27. Nxd5 Rxc2 28. Nxf6+ gxf6 29. Rxc2 Rxc2 30. Ke1 a5 31. Bxa5 Rxg2 32. Bd8 Kg7 33. Bc7 Kg6 34. Kf1 Rc2 35. Bg3 Kg5 36. h4+ Kh5 37. Bf2 Rxf2+ 38. Kxf2 Kxh4 0-1